000 00627nam a2200217 i 4500
003 DO-SdBNP
005 20250623151706.0
007 ta
008 250623t1997 dr b 000 0 spa d
040 _aDO-SdBNP
_bspa
_cBNPHU
_erda
082 _axxxx
_bF714
_222
245 0 0 _aForeigner's guide to the Dominican Republic /
264 _aSanto Domingo :
_bPellerano & Herrera,
_c1997.
300 _a54 páginas
_bmapa ;
_c28 cm.
336 _atexto
_btxt
_2rdacontent
337 _asin mediación
_bn
_2rdamedia
338 _avolumen
_bnc
_2rdacarrier
590 _aInventariado, 2025/ YL
910 _aYLockward
942 _2ddc
_cLBS1
999 _c59369
_d59369